000 01934ncm0a2200373 4500
001 RU\NLR\ONIZ\212251
005 20250624195705.0
010 _a5-222-03649-9
021 _aRU
_b03-431
_903-17
035 _aRU\NLR\ONIZ\GALA\5000025019\20150626195420
035 _a(NLR Aleph) 010891779
090 _a10558059
_c10558059
100 _a20150318d2003 |||y0rusy50 ca
101 0 _arus
102 _aRU
125 _azx
145 0 _ab
200 1 _aСамоучитель игры на шестиструнной гитаре
_bНоты
_eаккорды, аккомп. и пение под гитару
_eучеб.-метод. пособие
_hЧ. 3
_fБ. М. Павленко
205 _a2-е изд., испр.
210 _aРостов-на-Дону
_cФеникс
_d2003
215 _a120 с.
_d29 см
313 _aСистематизация документа проведена по изданию - Методика классифицирования музыкальных произведений (нотных изданий) по таблицам Библиотечно-библиографических классификаций : метод. рекомендации / Гос. б-ка СССР им. В.И. Ленина.- М., 1977. Индексу ББК методических рекомендаций присваивается код ББК для научных библиотек - LBC/SL
686 _aЩ956.419.1(2Р=Рус)
_vLBC/SL
_2rubbk
700 1 _9z01790
_aПавленко
_bБ. М.
_gБорис Михайлович
_4070
790 1 _9z01700
_aPavlenko
_bB. M.
_gBoris Mixajlovich
_4070
801 0 _aRU
_bNLR
_c20150318
_gPSBO
801 1 _aRU
_bNLR
_c20150318
_2rusmarc
801 2 _aRU
_bNLR
_c20190630
852 _aNLR
_bМ
_jК-3/25803(3)
_pМОЭ 2003-17/431
_t1
852 _aNLR
_bМ
_jК-3/25803(3)а
_pМОЭ 2003-17/431а
_t2
942 _cSCORE
980 _aNB
980 _aONIZ